Normal view
MARC view
- Airplanes
Entry Topical Term
001 - CONTROL NUMBER
- control field: 1420
003 - CONTROL NUMBER IDENTIFIER
- control field: NUST
005 - DATE AND TIME OF LATEST TRANSACTION
- control field: 20170525122451.0
008 - FIXED-LENGTH DATA ELEMENTS
- fixed length control field: 170525|| aca||aabn | a|a d
040 ## - CATALOGING SOURCE
- Original cataloging agency: NUST
- Transcribing agency: NUST
150 ## - HEADING--TOPICAL TERM
- Topical term or geographic name entry element: Airplanes
- General subdivision: Radio control.
670 ## - SOURCE DATA FOUND
- Source citation: Work cat.: (NUST)32649: Reg Austin 1418, Unmanned aircraft systems :, c2010.
